[Event "CHN-chT"]
[Site "Qingdao"]
[Date "2024.04.08"]
[Round "7.1"]
[White "Wan, Yunguo"]
[Black "Xu, Xiangyu"]
[Result "1/2-1/2"]
[WhiteElo "2505"]
[BlackElo "2626"]
[PlyCount "122"]
[EventDate "2024.04.02"]
[EventType "team-swiss"]
[EventRounds "9"]
[EventCountry "CHN"]
[SourceTitle "CB16_2024"]
[SourceDate "2024.04.17"]
[SourceVersion "1"]
[SourceVersionDate "2024.04.17"]
[SourceQuality "1"]
[WhiteTeam "Hebei"]
[BlackTeam "Chengdu"]
[WhiteTeamCountry "CHN"]
[BlackTeamCountry "CHN"]

1. e4 e5 2. Nf3 Nc6 3. Bb5 a6 4. Ba4 f5 5. d3 fxe4 6. dxe4 Nf6 7. Nc3 d6 8. a3 Be7 9. Bb3 Bg4 10. Be3 Qd7 11. h3 Bh5 12. Qd3 Nd8 13. 0-0-0 Bf7 14. Bxf7+ Nxf7 15. g4 c6 16. Rhg1 b5 17. g5 Nh5 18. g6 hxg6 19. Rxg6 Qxh3 20. Qe2 Bf6 21. Kb1 Kf8 22. Rdg1 Rd8 23. Qd1 Nf4 24. Bxf4 exf4 25. R6g4 g5 26. Nd4 Re8 27. Na2 Bxd4 28. Qxd4 c5 29. Qd5 Rh5 30. Nc3 Qf3 31. Rxg5 Rxg5 32. Rxg5 Nxg5 33. Qxg5 Qh1+ 34. Ka2 Qh7 35. Nd5 Qf7 36. b3 Re6 37. f3 Rg6 38. Qh4 Ke8 39. Qh8+ Qf8 40. Qh5 Qh6 41. Qf5 Rg2 42. Nf6+ Ke7 43. Nd5+ Kd8 44. Nb6 Ke8 45. e5 dxe5 46. Qxe5+ Kf7 47. Qxc5 Qg5 48. Nd5 Qe5 49. Qc6 Rg1 50. Qb7+ Kg6 51. Qb6+ Kf7 52. Qxg1 Qxd5 53. Qa7+ Kf6 54. Qf2 Kg5 55. Qg2+ Kf6 56. Qe2 Qd4 57. a4 Qe3 58. Qf1 bxa4 59. Qxa6+ Kg5 60. Qc6 axb3+ 61. cxb3 Kh4 1/2-1/2

[Event "La Roda op 50th"]
[Site "La Roda"]
[Date "2024.03.30"]
[Round "7"]
[White "Xu, Xiangyu"]
[Black "Martinez Ramirez, Lennis"]
[Result "1-0"]
[WhiteElo "2623"]
[BlackElo "2450"]
[PlyCount "127"]
[EventDate "2024.03.27"]
[EventType "swiss"]
[EventRounds "9"]
[EventCountry "ESP"]
[SourceTitle "CB14_2024"]
[SourceDate "2024.04.01"]
[SourceVersion "1"]
[SourceVersionDate "2024.04.01"]
[SourceQuality "1"]

1. d4 Nf6 2. c4 e6 3. Nc3 d5 4. cxd5 exd5 5. Bg5 c6 6. e3 Be7 7. Bd3 Nbd7 8. h3 Nf8 9. Nf3 Ne6 10. Bh4 a5 11. 0-0 0-0 12. Rc1 g6 13. Na4 Ra7 14. Qb3 Nh5 15. Bxe7 Qxe7 16. Qb6 Ra8 17. Rc3 Ng5 18. Nxg5 Qxg5 19. Kh2 Qe7 20. Qc5 Qxc5 21. dxc5 Be6 22. Nb6 Rad8 23. Ra3 d4 24. e4 Nf4 25. Rd1 f5 26. e5 Nxd3 27. Raxd3 f4 28. Rxd4 Rxd4 29. Rxd4 Bxa2 30. Ra4 Be6 31. Rxa5 Rf5 32. Ra8+ Kg7 33. Rb8 Rxe5 34. Rxb7+ Kf6 35. b4 Re2 36. f3 Rb2 37. Rxh7 Rxb4 38. Rc7 Bd5 39. h4 Rb2 40. Nxd5+ cxd5 41. Rc6+ Ke5 42. Rxg6 d4 43. h5 Rb8 44. Rd6 Rh8 45. h6 d3 46. Kg1 d2 47. Kf2 Rxh6 48. Rxd2 Rc6 49. Rc2 Kd4 50. Rc1 Kd5 51. Rh1 Ra6 52. Rh5+ Kd4 53. Rf5 Ra2+ 54. Kg1 Ra1+ 55. Kh2 Ke3 56. Kh3 Rc1 57. Kg4 Rc2 58. Re5+ Kf2 59. Kxf4 Kxg2 60. Kg4 Rc3 61. f4 Rg3+ 62. Kf5 Kf3 63. c6 Rg4 64. Re3+ 1-0

[Event "La Roda op 50th"]
[Site "La Roda"]
[Date "2024.03.29"]
[Round "4"]
[White "Martinez Reyes, Pedro Ramon"]
[Black "Xu, Xiangyu"]
[Result "0-1"]
[WhiteElo "2332"]
[BlackElo "2623"]
[PlyCount "134"]
[EventDate "2024.03.27"]
[EventType "swiss"]
[EventRounds "9"]
[EventCountry "ESP"]
[SourceTitle "CB14_2024"]
[SourceDate "2024.04.01"]
[SourceVersion "1"]
[SourceVersionDate "2024.04.01"]
[SourceQuality "1"]

1. e4 c6 2. d4 d5 3. Nd2 dxe4 4. Nxe4 Nf6 5. Nxf6+ exf6 6. Nf3 Bd6 7. Bd3 0-0 8. 0-0 Re8 9. h3 Na6 10. c4 Nb4 11. Bb1 a5 12. a3 Na6 13. Re1 Nc7 14. Rxe8+ Qxe8 15. Bd3 Be6 16. Qc2 h5 17. Bd2 Qd7 18. Re1 Bf8 19. a4 b6 20. Bc3 Bd6 21. Bf1 Na6 22. Qe4 Bf5 23. Qh4 Bg6 24. c5 Bc7 25. cxb6 Bxb6 26. Bxa6 Rxa6 27. Qf4 Ra8 28. Qe3 Bc2 29. Qe7 Qxe7 30. Rxe7 Bxa4 31. Nd2 Bb5 32. Rb7 Bd8 33. Ne4 Bc4 34. Nd6 Bd5 35. Nf5 Kf8 36. Ne3 Be6 37. d5 cxd5 38. Rb5 h4 39. Nxd5 Bd7 40. Rc5 Rc8 41. Bd4 Ke8 42. Rxc8 Bxc8 43. Bb6 Bb7 44. Bxd8 Kxd8 45. Ne3 Kc7 46. Kf1 Kc6 47. Ke1 Kc5 48. Kd2 Kd4 49. g3 Bc8 50. gxh4 Bxh3 51. Ke2 Be6 52. f3 a4 53. Ng2 Bd7 54. Ne3 Bb5+ 55. Kd2 Ke5 56. Ke1 Bc6 57. Kf2 g6 58. Ng4+ Kf4 59. Nxf6 Bxf3 60. Nd7 Bc6 61. Nf6 Kf5 62. Ng8 Bd7 63. Kg3 Ke6 64. Kf4 f6 65. Nh6 Ke7 66. Ke4 Be6 67. Kf4 Kd6 0-1

[Event "La Roda op 50th"]
[Site "La Roda"]
[Date "2024.03.27"]
[Round "1"]
[White "Xu, Xiangyu"]
[Black "Diaz Rodriguez, Jose Antonio"]
[Result "1-0"]
[WhiteElo "2623"]
[BlackElo "1892"]
[PlyCount "57"]
[EventDate "2024.03.27"]
[EventType "swiss"]
[EventRounds "9"]
[EventCountry "ESP"]
[SourceTitle "CB14_2024"]
[SourceDate "2024.04.01"]
[SourceVersion "1"]
[SourceVersionDate "2024.04.01"]
[SourceQuality "1"]

1. d4 Nf6 2. c4 d6 3. Nf3 g6 4. Nc3 Bg7 5. e4 c6 6. Bg5 Bg4 7. Be2 Bxf3 8. Bxf3 Nbd7 9. 0-0 h6 10. Be3 e5 11. d5 c5 12. Nb5 Qb8 13. a3 a6 14. Nc3 Qd8 15. Rb1 g5 16. h3 0-0 17. Qd3 Re8 18. Rfc1 Nf8 19. b4 b6 20. Rb2 Ng6 21. g3 Qd7 22. Bg2 Rab8 23. Rcb1 Qc7 24. Na4 Nd7 25. Bf3 b5 26. cxb5 axb5 27. Nc3 c4 28. Qf1 f5 29. Bh5 1-0

[Event "Reykjavik op"]
[Site "Reykjavik"]
[Date "2024.03.20"]
[Round "8"]
[White "Xu, Xiangyu"]
[Black "Suleymenov, Alisher"]
[Result "1/2-1/2"]
[WhiteElo "2623"]
[BlackElo "2506"]
[PlyCount "89"]
[EventDate "2024.03.15"]
[EventType "swiss"]
[EventRounds "9"]
[EventCountry "ISL"]
[SourceTitle "CB13_2024"]
[SourceDate "2024.03.27"]
[SourceVersion "1"]
[SourceVersionDate "2024.03.27"]
[SourceQuality "1"]

1. d4 d5 2. c4 e6 3. Nc3 Nf6 4. cxd5 exd5 5. Bg5 Bb4 6. Qc2 h6 7. Bh4 0-0 8. e3 c5 9. dxc5 Nc6 10. Nf3 Be6 11. Bb5 Bxc5 12. 0-0 Be7 13. Rfd1 Qb6 14. Bxc6 bxc6 15. Na4 Qb7 16. Nd4 Rac8 17. Bxf6 Bxf6 18. Rac1 Bg4 19. Rd3 c5 20. Rb3 Qa8 21. Nxc5 Rxc5 22. Qxc5 Rc8 23. Qc6 Kh7 24. h3 Rxc6 25. Nxc6 Bd7 26. Rb8 Qxc6 27. Rxc6 Bxc6 28. Rc8 Bb5 29. Rc5 a6 30. b3 d4 31. a4 Be2 32. exd4 Bxd4 33. Rc2 Bh5 34. b4 f6 35. Rc6 Be2 36. Re6 Be5 37. f4 Bc4 38. Rc6 Bd4+ 39. Kh1 Bf1 40. Rc1 Be2 41. Re1 Bh5 42. Re6 Bc3 43. b5 axb5 44. axb5 Bd2 45. b6 1/2-1/2

[Event "Reykjavik op"]
[Site "Reykjavik"]
[Date "2024.03.18"]
[Round "6"]
[White "Xu, Xiangyu"]
[Black "Nevednichy, Vladislav"]
[Result "1/2-1/2"]
[WhiteElo "2623"]
[BlackElo "2445"]
[PlyCount "107"]
[EventDate "2024.03.15"]
[EventType "swiss"]
[EventRounds "9"]
[EventCountry "ISL"]
[SourceTitle "CB13_2024"]
[SourceDate "2024.03.27"]
[SourceVersion "1"]
[SourceVersionDate "2024.03.27"]
[SourceQuality "1"]

1. d4 d6 2. e4 Nf6 3. Nc3 e5 4. Nf3 Nbd7 5. Bc4 Be7 6. 0-0 0-0 7. a4 c6 8. Re1 b6 9. h3 a6 10. Bd3 Re8 11. Ne2 Bf8 12. Ng3 g6 13. c3 Bg7 14. Bc2 Qc7 15. Be3 Bb7 16. Qd2 c5 17. d5 c4 18. Nh2 Kh8 19. Rf1 Ng8 20. Ng4 Bc8 21. Qe2 Rb8 22. Kh1 Re7 23. Rae1 Re8 24. Qd1 b5 25. axb5 axb5 26. Qe2 Nc5 27. f4 Bxg4 28. Qxg4 exf4 29. Bxf4 b4 30. Qf3 bxc3 31. bxc3 Rb2 32. Re2 Rb7 33. Ref2 Rf8 34. Ne2 Nd7 35. Nd4 Ne5 36. Bxe5 dxe5 37. Nc6 Ne7 38. Ba4 Nxc6 39. Bxc6 Rb3 40. Qe3 Qe7 41. Qd2 Qc5 42. Rxf7 Rxf7 43. Rxf7 Rb1+ 44. Kh2 Qg1+ 45. Kg3 Rd1 46. Qf2 Rd3+ 47. Kh4 Qxf2+ 48. Rxf2 Bh6 49. Bb5 Bf4 50. Rf3 Rxf3 51. gxf3 Kg7 52. d6 h5 53. d7 Kh6 54. d8Q 1/2-1/2

[Event "Reykjavik op"]
[Site "Reykjavik"]
[Date "2024.03.16"]
[Round "3"]
[White "Salimova, Nurgyul"]
[Black "Xu, Xiangyu"]
[Result "1/2-1/2"]
[WhiteElo "2426"]
[BlackElo "2623"]
[PlyCount "42"]
[EventDate "2024.03.15"]
[EventType "swiss"]
[EventRounds "9"]
[EventCountry "ISL"]
[SourceTitle "CB13_2024"]
[SourceDate "2024.03.27"]
[SourceVersion "1"]
[SourceVersionDate "2024.03.27"]
[SourceQuality "1"]

1. Nf3 g6 2. d4 Nf6 3. g3 Bg7 4. Bg2 d5 5. 0-0 0-0 6. c3 Nc6 7. Nbd2 Re8 8. Re1 e5 9. dxe5 Nxe5 10. Nxe5 Rxe5 11. Nb3 Re8 12. Bg5 c6 13. e4 dxe4 14. Qxd8 Rxd8 15. Rxe4 h6 16. Bxf6 Bxf6 17. Na5 Rd2 18. Re8+ Kg7 19. Nc4 Rd8 20. Rxd8 Bxd8 21. Nd6 Be7 1/2-1/2

[Event "Shenzhen Longgang 5th"]
[Site "Shenzhen"]
[Date "2024.03.05"]
[Round "5"]
[White "Giri, Anish"]
[Black "Xu, Xiangyu"]
[Result "1/2-1/2"]
[WhiteElo "2762"]
[BlackElo "2623"]
[PlyCount "62"]
[EventDate "2024.02.29"]
[EventType "tourn"]
[EventRounds "7"]
[EventCountry "CHN"]
[EventCategory "18"]
[SourceTitle "CB11_2024"]
[SourceDate "2024.03.13"]
[SourceVersion "1"]
[SourceVersionDate "2024.03.13"]
[SourceQuality "1"]

1. c4 Nf6 2. Nf3 e6 3. b3 d5 4. Bb2 Bd6 5. g3 Nbd7 6. Bg2 0-0 7. 0-0 c6 8. d4 Ne4 9. Nc3 f5 10. Qc2 Ndf6 11. Ne5 Bd7 12. e3 Nxc3 13. Bxc3 Be8 14. c5 Bc7 15. b4 Qe7 16. a4 Ne4 17. Bb2 a6 18. f3 Ng5 19. f4 Ne4 20. Qe2 Bd7 21. a5 Be8 22. Kh1 Rd8 23. Rfe1 Qf6 24. Bxe4 fxe4 25. h4 h5 26. Rg1 Bxe5 27. dxe5 Qh6 28. Kh2 Bg6 29. g4 hxg4 30. Qxg4 Bf5 31. Qg5 Kf7 1/2-1/2

[Event "Shenzhen Longgang 5th"]
[Site "Shenzhen"]
[Date "2024.02.29"]
[Round "1"]
[White "Erigaisi, Arjun Kumar"]
[Black "Xu, Xiangyu"]
[Result "1-0"]
[WhiteElo "2738"]
[BlackElo "2623"]
[PlyCount "127"]
[EventDate "2024.02.29"]
[EventType "tourn"]
[EventRounds "7"]
[EventCountry "CHN"]
[EventCategory "18"]
[SourceTitle "CB11_2024"]
[SourceDate "2024.03.13"]
[SourceVersion "1"]
[SourceVersionDate "2024.03.13"]
[SourceQuality "1"]

1. d4 Nf6 2. c4 g6 3. Nc3 d5 4. cxd5 Nxd5 5. e4 Nxc3 6. bxc3 Bg7 7. Bc4 c5 8. Ne2 Nc6 9. d5 Ne5 10. Bb3 0-0 11. 0-0 e6 12. f4 c4 13. Ba3 Qb6+ 14. Nd4 Nd3 15. e5 exd5 16. Bc2 Rd8 17. Be7 Re8 18. Bd6 Bf8 19. Bxf8 Rxf8 20. Kh1 Bd7 21. Bxd3 cxd3 22. Qxd3 Rac8 23. f5 Qc7 24. e6 fxe6 25. fxe6 Ba4 26. h3 Rxf1+ 27. Qxf1 Rf8 28. Qe1 Qf4 29. Rb1 b6 30. e7 Re8 31. Rb2 Qf6 32. Re2 Bd7 33. g4 b5 34. Re5 Kf7 35. g5 Qf4 36. h4 b4 37. Re3 Kg8 38. Rf3 Qd6 39. cxb4 Rxe7 40. Qf2 Re4 41. a3 Qe7 42. Kg2 a6 43. Rf4 Ba4 44. Kg1 Bb5 45. Qf3 Rxf4 46. Qxf4 Qe1+ 47. Kh2 Bd7 48. Kg2 Qc3 49. Nf3 Qxa3 50. Qb8+ Kf7 51. Qh8 Bf5 52. Qxh7+ Ke8 53. Qg8+ Ke7 54. Qg7+ Ke8 55. Qe5+ Kf8 56. h5 Be4 57. Qf6+ Ke8 58. hxg6 Qxb4 59. Qf7+ Kd8 60. g7 Bxf3+ 61. Kxf3 Qe4+ 62. Kg3 Qe3+ 63. Kg4 Qe4+ 64. Qf4 1-0

[Event "Chengdu Chess King"]
[Site "Chengdu"]
[Date "2024.01.06"]
[Round "2.4"]
[White "Xu, Xiangyu"]
[Black "Yu, Yangyi"]
[Result "0-1"]
[WhiteElo "2623"]
[BlackElo "2720"]
[PlyCount "86"]
[EventDate "2024.01.06"]
[EventType "k.o. (rapid)"]
[EventRounds "4"]
[EventCountry "CHN"]
[SourceTitle "CB02_2024"]
[SourceDate "2024.01.10"]
[SourceVersion "1"]
[SourceVersionDate "2024.01.10"]
[SourceQuality "1"]

1. d4 Nf6 2. Bf4 d5 3. e3 Bf5 4. Nd2 e6 5. c4 Nbd7 6. Qb3 dxc4 7. Bxc4 Nb6 8. Ngf3 Bd6 9. Bg5 Be7 10. 0-0 0-0 11. Rac1 Ne4 12. Bxe7 Qxe7 13. Be2 Nxd2 14. Nxd2 c6 15. a4 Rab8 16. a5 Nd7 17. Bf3 Rfc8 18. Rfd1 h6 19. Nc4 Bg6 20. h3 b5 21. Ne5 Nxe5 22. dxe5 c5 23. Rd6 c4 24. Qb4 Rc7 25. a6 Qg5 26. Qa5 Rcc8 27. Bb7 Qxe5 28. Rd7 Qxb2 29. Rcd1 Rf8 30. R7d2 Qe5 31. Rd4 Qc5 32. Rc1 Qg5 33. h4 Qf5 34. g4 Qf6 35. h5 Bd3 36. Qxb5 Qe7 37. Qa5 Rfd8 38. Qc3 Qg5 39. Ra1 Qh4 40. Ra5 Qh3 41. Bg2 Qh4 42. Bb7 Qh3 43. Qe1 Rxd4 0-1

[Event "Wch Blitz"]
[Site "Samarkand"]
[Date "2023.12.30"]
[Round "21"]
[White "Tsaruk, Maksim"]
[Black "Xu, Xiangyu"]
[Result "0-1"]
[WhiteElo "2460"]
[BlackElo "2623"]
[PlyCount "22"]
[EventDate "2023.12.29"]
[EventType "swiss (blitz)"]
[EventRounds "21"]
[EventCountry "UZB"]
[SourceTitle "CB01_2024"]
[SourceDate "2024.01.03"]
[SourceVersion "1"]
[SourceVersionDate "2024.01.03"]
[SourceQuality "1"]

1. g4 d5 2. h3 e5 3. Bg2 Bc5 4. c4 dxc4 5. Qa4+ c6 6. Qxc4 Qb6 7. e3 Be6 8. Qc3 Nf6 9. Ne2 Nbd7 10. a3 a5 11. d3 0-0 0-1

[Event "Wch Blitz"]
[Site "Samarkand"]
[Date "2023.12.29"]
[Round "9"]
[White "Orozbaev, Eldiar"]
[Black "Xu, Xiangyu"]
[Result "1-0"]
[WhiteElo "2305"]
[BlackElo "2623"]
[PlyCount "67"]
[EventDate "2023.12.29"]
[EventType "swiss (blitz)"]
[EventRounds "21"]
[EventCountry "UZB"]
[SourceTitle "CB01_2024"]
[SourceDate "2024.01.03"]
[SourceVersion "1"]
[SourceVersionDate "2024.01.03"]
[SourceQuality "1"]

1. e4 c5 2. c3 Nf6 3. e5 Nd5 4. d4 cxd4 5. Nf3 Nc6 6. cxd4 d6 7. Bc4 dxe5 8. Bxd5 Qxd5 9. Nc3 Qd6 10. d5 Nd4 11. Nxd4 exd4 12. Qxd4 e5 13. Qe4 Be7 14. f4 f6 15. 0-0 0-0 16. fxe5 Qxe5 17. Qc4 Qd6 18. Kh1 Kh8 19. Bf4 Qb4 20. Qd3 Rd8 21. a3 Qa5 22. b4 Qa6 23. Qxa6 bxa6 24. Rfe1 Bf8 25. Rad1 Bb7 26. Bc7 Rd7 27. d6 Bc6 28. Ne2 Kg8 29. Nf4 Ba4 30. Rd2 Kf7 31. Ne6 Re8 32. Ng5+ fxg5 33. Rf2+ Kg6 34. Rxe8 1-0

[Event "Wch Blitz"]
[Site "Samarkand"]
[Date "2023.12.29"]
[Round "6"]
[White "Xu, Xiangyu"]
[Black "Amangeldy, Ernur"]
[Result "1-0"]
[WhiteElo "2623"]
[BlackElo "2134"]
[PlyCount "69"]
[EventDate "2023.12.29"]
[EventType "swiss (blitz)"]
[EventRounds "21"]
[EventCountry "UZB"]
[SourceTitle "CB01_2024"]
[SourceDate "2024.01.03"]
[SourceVersion "1"]
[SourceVersionDate "2024.01.03"]
[SourceQuality "1"]

1. d4 Nf6 2. c4 g6 3. Nc3 Bg7 4. e4 d6 5. Be2 0-0 6. Be3 e5 7. d5 Nbd7 8. Nf3 Ng4 9. Bg5 f6 10. Bh4 Nh6 11. Nd2 a5 12. f3 Nc5 13. b3 Qe8 14. a3 g5 15. Bf2 Na6 16. Be3 Qg6 17. g4 Qe8 18. h4 Nf7 19. Nf1 Nh8 20. hxg5 fxg5 21. Bxg5 Ng6 22. Ng3 Nc5 23. Nf5 Bxf5 24. gxf5 Nf4 25. Kf2 a4 26. b4 Nb3 27. Rb1 Nd4 28. Qg1 Kh8 29. Qh2 h5 30. Rbg1 c6 31. Bxf4 exf4 32. Qxh5+ Qxh5 33. Rxh5+ Kg8 34. Rhg5 Rf7 35. f6 1-0

[Event "Wch Rapid"]
[Site "Samarkand"]
[Date "2023.12.28"]
[Round "13"]
[White "Smirnov, Anton"]
[Black "Xu, Xiangyu"]
[Result "1/2-1/2"]
[WhiteElo "2586"]
[BlackElo "2623"]
[PlyCount "53"]
[EventDate "2023.12.26"]
[EventType "swiss (rapid)"]
[EventRounds "13"]
[EventCountry "UZB"]
[SourceTitle "CB01_2024"]
[SourceDate "2024.01.03"]
[SourceVersion "1"]
[SourceVersionDate "2024.01.03"]
[SourceQuality "1"]

1. e4 e6 2. d4 d5 3. Nc3 dxe4 4. Nxe4 Bd7 5. Nf3 Bc6 6. Bd3 Nd7 7. Qe2 Ngf6 8. Nxf6+ Nxf6 9. c3 Bxf3 10. Qxf3 c6 11. 0-0 Be7 12. a4 0-0 13. Bd2 Qd5 14. Qe2 Qh5 15. Qxh5 Nxh5 16. Rfd1 Rfd8 17. Bc2 a5 18. g3 Nf6 19. Kg2 g6 20. h4 h5 21. Be1 Nd5 22. Bd3 Bf8 23. Be2 Bh6 24. Ra3 Bf8 25. Raa1 Bh6 26. Bf3 Rd7 27. Be2 1/2-1/2

[Event "Wch Rapid"]
[Site "Samarkand"]
[Date "2023.12.28"]
[Round "12"]
[White "Suleymenov, Alisher"]
[Black "Xu, Xiangyu"]
[Result "1-0"]
[WhiteElo "2513"]
[BlackElo "2623"]
[PlyCount "57"]
[EventDate "2023.12.26"]
[EventType "swiss (rapid)"]
[EventRounds "13"]
[EventCountry "UZB"]
[SourceTitle "CB01_2024"]
[SourceDate "2024.01.03"]
[SourceVersion "1"]
[SourceVersionDate "2024.01.03"]
[SourceQuality "1"]

1. d4 Nf6 2. c4 e6 3. Nf3 b6 4. a3 Bb7 5. Nc3 d5 6. cxd5 Nxd5 7. Qc2 c5 8. e4 Nxc3 9. bxc3 Be7 10. Bb5+ Bc6 11. Bd3 0-0 12. 0-0 Nd7 13. Bb2 Nf6 14. e5 Nd5 15. Bxh7+ Kh8 16. Be4 Qc7 17. c4 Nf4 18. g3 Qb7 19. Bxc6 Qxc6 20. d5 Nh3+ 21. Kg2 exd5 22. Kxh3 dxc4 23. Kg2 b5 24. Rfe1 Rad8 25. Rad1 a5 26. a4 Rxd1 27. Rxd1 b4 28. Qxc4 Qxa4 29. Ra1 1-0

[Event "Wch Rapid"]
[Site "Samarkand"]
[Date "2023.12.28"]
[Round "11"]
[White "Xu, Xiangyu"]
[Black "Praggnanandhaa, Rameshbabu"]
[Result "0-1"]
[WhiteElo "2623"]
[BlackElo "2740"]
[PlyCount "112"]
[EventDate "2023.12.26"]
[EventType "swiss (rapid)"]
[EventRounds "13"]
[EventCountry "UZB"]
[SourceTitle "CB01_2024"]
[SourceDate "2024.01.03"]
[SourceVersion "1"]
[SourceVersionDate "2024.01.03"]
[SourceQuality "1"]

1. d4 Nf6 2. c4 e6 3. Nc3 Bb4 4. Qc2 0-0 5. e4 d6 6. e5 dxe5 7. dxe5 Ng4 8. Nf3 Nc6 9. Bf4 Nd4 10. Qd2 f6 11. 0-0-0 c5 12. h3 Nxe5 13. Nxe5 fxe5 14. Bxe5 Bd7 15. Bd3 Rf7 16. Qe3 Qa5 17. Kb1 Bxc3 18. bxc3 Nc6 19. Bd6 e5 20. Kb2 Be6 21. Qxc5 Qb6+ 22. Qxb6 axb6 23. f3 Rd7 24. Bc2 Na5 25. Bb4 Nxc4+ 26. Kc1 Rxa2 27. Bb1 Ra1 28. g4 Kf7 29. Rhe1 Rc7 30. Re2 Rc8 31. Ra2 Ra8 32. Rxa8 Rxa8 33. Rd3 g5 34. Rd1 h6 35. Re1 Bd5 36. Kc2 Ra1 37. Kd3 Kf6 38. Ke2 b5 39. Rd1 Be6 40. Be4 Rxd1 41. Kxd1 Bd5 42. Bf8 Bxe4 43. fxe4 Ne3+ 44. Ke2 Ng2 45. Bxh6 Nf4+ 46. Ke3 Ne6 47. h4 gxh4 48. Kf2 Ng5 49. Kg2 Nxe4 50. Kh3 Nxc3 51. Kxh4 b4 52. Kh5 b3 53. Bc1 Kg7 54. Bb2 Na4 55. Bxe5+ Kg8 56. Kg6 b2 0-1

[Event "Wch Rapid"]
[Site "Samarkand"]
[Date "2023.12.27"]
[Round "8"]
[White "Rapport, Richard"]
[Black "Xu, Xiangyu"]
[Result "1/2-1/2"]
[WhiteElo "2731"]
[BlackElo "2623"]
[PlyCount "99"]
[EventDate "2023.12.26"]
[EventType "swiss (rapid)"]
[EventRounds "13"]
[EventCountry "UZB"]
[SourceTitle "CB01_2024"]
[SourceDate "2024.01.03"]
[SourceVersion "1"]
[SourceVersionDate "2024.01.03"]
[SourceQuality "1"]

1. Nf3 d5 2. g3 g6 3. Bg2 Bg7 4. 0-0 e5 5. d3 Ne7 6. c4 dxc4 7. dxc4 0-0 8. Nc3 Na6 9. Qc2 c6 10. a3 Bf5 11. e4 Be6 12. b3 Qc8 13. Be3 Nc7 14. Ne1 b5 15. cxb5 Nxb5 16. Nd3 Rd8 17. Ne2 c5 18. Qxc5 Rxd3 19. Qxe7 Rxb3 20. a4 Nd4 21. Nxd4 exd4 22. Bf4 Qd8 23. Qc5 Bf8 24. Qe5 Rc8 25. Bg5 Bg7 26. Qxe6 fxe6 27. Bxd8 Rxd8 28. Rab1 Rxb1 29. Rxb1 d3 30. Bh3 Kf7 31. Kf1 Bc3 32. Rb7+ Kf6 33. Bg4 Rd4 34. Rc7 Rxe4 35. Rxc3 Rxg4 36. Rxd3 Rxa4 37. Rd7 h5 38. h4 a5 39. Ra7 Ra3 40. Kg2 e5 41. Ra8 a4 42. Rf8+ Ke6 43. Rg8 Kf5 44. Rf8+ Ke4 45. Rf6 Rc3 46. Rxg6 a3 47. g4 hxg4 48. h5 Kf5 49. Ra6 Rh3 50. h6 1/2-1/2

[Event "Wch Rapid"]
[Site "Samarkand"]
[Date "2023.12.26"]
[Round "4"]
[White "Xu, Xiangyu"]
[Black "Asadli, Vugar Afgan Oglu"]
[Result "1-0"]
[WhiteElo "2623"]
[BlackElo "2562"]
[PlyCount "79"]
[EventDate "2023.12.26"]
[EventType "swiss (rapid)"]
[EventRounds "13"]
[EventCountry "UZB"]
[SourceTitle "CB01_2024"]
[SourceDate "2024.01.03"]
[SourceVersion "1"]
[SourceVersionDate "2024.01.03"]
[SourceQuality "1"]

1. d4 Nf6 2. Bg5 d6 3. Nc3 Nbd7 4. e4 e5 5. Nf3 Be7 6. Be2 0-0 7. 0-0 c6 8. Bxf6 Bxf6 9. d5 Nb6 10. a4 a5 11. Qd3 cxd5 12. Nxd5 Nxd5 13. Qxd5 Be6 14. Qb5 Qc7 15. c3 Qc6 16. Nd2 Rfb8 17. Rfd1 Bg5 18. Nc4 Qxe4 19. Nxd6 Qc2 20. Bd3 Qb3 21. Be4 Be7 22. Bf3 Ra6 23. Nxb7 Ra7 24. Rd2 Qxb5 25. axb5 Raxb7 26. Bxb7 Rxb7 27. b4 a4 28. Rxa4 f5 29. Ra5 Kf7 30. h3 e4 31. Rd1 g6 32. Rda1 Bc4 33. Ra7 Rxb5 34. Rc7 Bd3 35. c4 Re5 36. b5 Re6 37. Raa7 f4 38. b6 Kf6 39. b7 Rb6 40. Rxe7 1-0

[Event "Wch Rapid"]
[Site "Samarkand"]
[Date "2023.12.26"]
[Round "2"]
[White "Xu, Xiangyu"]
[Black "Hirneise, Jens"]
[Result "1-0"]
[WhiteElo "2623"]
[BlackElo "2270"]
[PlyCount "91"]
[EventDate "2023.12.26"]
[EventType "swiss (rapid)"]
[EventRounds "13"]
[EventCountry "UZB"]
[SourceTitle "CB01_2024"]
[SourceDate "2024.01.03"]
[SourceVersion "1"]
[SourceVersionDate "2024.01.03"]
[SourceQuality "1"]

1. d4 Nf6 2. c4 g6 3. Nc3 Bg7 4. e4 d6 5. Be2 0-0 6. Be3 Na6 7. Nf3 e5 8. d5 Ng4 9. Bg5 f6 10. Bh4 Nh6 11. Nd2 c5 12. dxc6 bxc6 13. Nb3 Be6 14. f3 Rf7 15. 0-0 Bf8 16. Qd2 Rd7 17. Kh1 g5 18. Bf2 Nf7 19. Rfd1 h5 20. Nd5 Nh6 21. Rac1 Rc8 22. Qa5 Qxa5 23. Nxa5 Kg7 24. c5 Nxc5 25. Nb4 f5 26. exf5 Nxf5 27. Nbxc6 Rdc7 28. b4 Na4 29. Bxa7 Ra8 30. Bf2 d5 31. a3 d4 32. Nxd4 Rxc1 33. Nxe6+ Kf6 34. Rxc1 Kxe6 35. Rc6+ Kf7 36. Bd3 Ne7 37. Rc1 Nb2 38. Bc2 Rd8 39. Be3 Nd5 40. Bxg5 Be7 41. Nc6 Ra8 42. Nxe7 Nxe7 43. Bb3+ Kf8 44. a4 Nxa4 45. Rc7 Ng6 46. Bf7 1-0

[Event "CHN-chT Div A Finals"]
[Site "Nanjing"]
[Date "2023.12.02"]
[Round "1.21"]
[White "Xu, Xiangyu"]
[Black "Li, Chao B"]
[Result "1/2-1/2"]
[WhiteElo "2623"]
[BlackElo "2652"]
[PlyCount "68"]
[EventDate "2023.12.02"]
[EventType "team-tourn"]
[EventRounds "10"]
[EventCountry "CHN"]
[SourceTitle "CB50_2023"]
[SourceDate "2023.12.13"]
[SourceVersion "1"]
[SourceVersionDate "2023.12.13"]
[SourceQuality "1"]
[WhiteTeam "Chengdu"]
[BlackTeam "Beijing"]
[WhiteTeamCountry "CHN"]
[BlackTeamCountry "CHN"]

1. d4 d5 2. Nf3 Nf6 3. c4 c6 4. g3 g6 5. Qa4 Nbd7 6. cxd5 Nb6 7. Qb3 Qxd5 8. Qd1 Bf5 9. Nc3 Qa5 10. Bd2 Nc4 11. Qb3 Nxd2 12. Nxd2 Bh6 13. e3 0-0 14. Bg2 Qa6 15. Qa4 Qxa4 16. Nxa4 e5 17. Nf3 Be4 18. dxe5 Nd7 19. 0-0 Bxf3 20. Bxf3 Nxe5 21. Be2 Rfd8 22. Rfd1 Bf8 23. Kg2 Nd7 24. Rac1 h5 25. h3 Kg7 26. g4 hxg4 27. hxg4 Nb6 28. Nxb6 axb6 29. Rxd8 Rxd8 30. Rd1 Rxd1 31. Bxd1 Kf6 32. f4 g5 33. Kf3 b5 34. Bc2 gxf4 1/2-1/2

[Event "Danzhou 14th"]
[Site "Danzhou"]
[Date "2023.11.19"]
[Round "5"]
[White "Cheparinov, Ivan"]
[Black "Xu, Xiangyu"]
[Result "0-1"]
[WhiteElo "2649"]
[BlackElo "2623"]
[PlyCount "80"]
[EventDate "2023.11.16"]
[EventType "tourn (rapid)"]
[EventRounds "7"]
[EventCountry "CHN"]
[EventCategory "15"]
[SourceTitle "CB47_2023"]
[SourceDate "2023.11.22"]
[SourceVersion "1"]
[SourceVersionDate "2023.11.22"]
[SourceQuality "1"]

1. e4 c5 2. Nf3 d6 3. Bb5+ Nc6 4. 0-0 Bd7 5. Re1 Nf6 6. h3 e6 7. c3 Ne5 8. Bf1 Nxf3+ 9. Qxf3 Bc6 10. d4 Be7 11. dxc5 dxc5 12. Nd2 b5 13. a4 a6 14. Qg3 0-0 15. e5 Nd7 16. Ne4 Kh8 17. Bf4 c4 18. Rad1 Bxe4 19. Rxe4 Qc7 20. axb5 axb5 21. Bg5 Nc5 22. Red4 f6 23. Bh4 Rfe8 24. exf6 Qxg3 25. Bxg3 Bxf6 26. Rd6 Na4 27. R1d2 Rad8 28. Rc2 Rxd6 29. Bxd6 Rd8 30. Bf4 Rd1 31. g3 Rb1 32. Re2 Kg8 33. Rxe6 Rxb2 34. Re8+ Kf7 35. Rb8 Kg6 36. Bg2 Nxc3 37. Bf3 Bd4 38. h4 Rxf2 39. h5+ Kf7 40. Rb7+ Kf6 0-1